Punjabi Taliban : driving extremism in Pakistan (Record no. 11662)
[ view plain ]
| 000 -LEADER | |
|---|---|
| fixed length control field | 01296cam a2200385 a 4500 |
| 001 - CONTROL NUMBER | |
| control field | 17155439 |
| 005 - DATE AND TIME OF LATEST TRANSACTION | |
| control field | 20170105102345.0 |
| 007 - PHYSICAL DESCRIPTION FIXED FIELD--GENERAL INFORMATION | |
| fixed length control field | ta |
| 008 - FIXED-LENGTH DATA ELEMENTS--GENERAL INFORMATION | |
| fixed length control field | 111214s2012 ii b 001 0 eng d |
| 010 ## - LIBRARY OF CONGRESS CONTROL NUMBER | |
| LC control number | 2012323665 |
| 020 ## - INTERNATIONAL STANDARD BOOK NUMBER | |
| International Standard Book Number | 9788182745919 |
| 020 ## - INTERNATIONAL STANDARD BOOK NUMBER | |
| International Standard Book Number | 8182745918 |
| 025 ## - OVERSEAS ACQUISITION NUMBER | |
| Overseas acquisition number | I-E-2011-323665; 63-09 |
| 035 ## - SYSTEM CONTROL NUMBER | |
| System control number | (OCoLC)ocn769743533 |
| 035 ## - SYSTEM CONTROL NUMBER | |
| System control number | (OCoLC)769743533 |
| 037 ## - SOURCE OF ACQUISITION | |
| Stock number | Library of Congress -- New Delhi Overseas Office |
| 040 ## - CATALOGING SOURCE | |
| Original cataloging agency | DKAGE |
| Language of cataloging | eng |
| Transcribing agency | DKAGE |
| Modifying agency | DLC |
| 041 1# - LANGUAGE CODE | |
| Language code of text/sound track or separate title | eng |
| Language code of original | urd |
| 042 ## - AUTHENTICATION CODE | |
| Authentication code | lccopycat |
| -- | lcode |
| 043 ## - GEOGRAPHIC AREA CODE | |
| Geographic area code | a-pk--- |
| 050 00 - LIBRARY OF CONGRESS CALL NUMBER | |
| Classification number | DS392.P8 |
| Item number | H8713 2012 |
| 082 04 - DEWEY DECIMAL CLASSIFICATION NUMBER | |
| Classification number | 954.914 HUS |
| Edition number | 23 |
| 100 1# - MAIN ENTRY--PERSONAL NAME | |
| Personal name | Ḥusain, Mujāhid. |
| 245 10 - TITLE STATEMENT | |
| Title | Punjabi Taliban : driving extremism in Pakistan |
| Remainder of title | driving extremism in Pakistan |
| Statement of responsibility, etc. | Mujahid Hussain. |
| 260 ## - PUBLICATION, DISTRIBUTION, ETC. | |
| Place of publication, distribution, etc. | New Delhi : |
| Name of publisher, distributor, etc. | Pentagon Security International, an imprint of Pentagon Press, |
| Date of publication, distribution, etc. | 2012. |
| 300 ## - PHYSICAL DESCRIPTION | |
| Extent | xx, 223 p. ; |
| Dimensions | 25 cm. |
| 504 ## - BIBLIOGRAPHY, ETC. NOTE | |
| Bibliography, etc. note | Includes bibliographical references (p. [212]-218) and index. |
| 520 ## - SUMMARY, ETC. | |
| Summary, etc. | Translated from Urdu. |
| 610 20 - SUBJECT ADDED ENTRY--CORPORATE NAME | |
| Corporate name or jurisdiction name as entry element | Taliban. |
| 650 #0 - SUBJECT ADDED ENTRY--TOPICAL TERM | |
| Topical term or geographic name entry element | Islamic fundamentalism |
| Geographic subdivision | Pakistan |
| -- | Punjab. |
| 651 #0 - SUBJECT ADDED ENTRY--GEOGRAPHIC NAME | |
| Geographic name | Punjab (Pakistan) |
| General subdivision | Politics and government. |
| 906 ## - LOCAL DATA ELEMENT F, LDF (RLIN) | |
| a | 7 |
| b | cbc |
| c | copycat |
| d | 3 |
| e | ncip |
| f | 20 |
| g | y-gencatlg |
| 942 ## - ADDED ENTRY ELEMENTS (KOHA) | |
| Source of classification or shelving scheme | |
| Koha item type | Book |
| Withdrawn status | Lost status | Damaged status | Not for loan | Collection code | Permanent Location | Current Location | Shelving location | Date acquired | Source of acquisition | Cost, normal purchase price | Total Checkouts | Total Renewals | Full call number | Barcode | Date last seen | Date last checked out | Price effective from | Koha item type |
|---|---|---|---|---|---|---|---|---|---|---|---|---|---|---|---|---|---|---|
| Central Library (CL) | Central Library (CL) | General Stacks | 03/22/2013 | Allied Book Company | 1156.48 | 6 | 4 | 954.914 HUS | SEECS012145 | 05/26/2025 | 01/28/2025 | 03/26/2013 | Book |
